| 000 | 00878nam a22002297a 4500 | ||
|---|---|---|---|
| 005 | 20090831141352.0 | ||
| 008 | 090831t xxu||||| |||| 00| 0 eng d | ||
| 010 | _aENG-95011 | ||
| 020 |
_c70.00 _a9788123752952 |
||
| 035 | _aEN-78544 | ||
| 037 | _bDBAD / PUB | ||
| 040 |
_adpl _bEnglish |
||
| 082 | _a796.358092 | ||
| 100 | _aChaturvedi, Surya Prakash | ||
| 245 |
_aSome great all-rounders / _cby Surya Prakash Chaturvedi |
||
| 260 |
_aNew Delhi _bNational Book Trust _c2008 |
||
| 270 |
_a5, Institutional Area, Phase-II, Vasant Kunj, _bNew Delhi _e110070 |
||
| 300 |
_aix, 214p. _c22cm(pbk) |
||
| 650 |
_aCricketers _xBiography |
||
| 942 |
_2ddc _cEN _mCHA _h796.358092 |
||
| 999 |
_c29832 _d29832 |
||